Handbook of human-computer interaction
Αποθηκεύτηκε σε:
| Άλλοι συγγραφείς: | |
|---|---|
| Μορφή: | Βιβλίο |
| Γλώσσα: | English |
| Δημοσίευση: |
Amsterdam ; New York : New York, N.Y., U.S.A. :
North-Holland ; , Sole distributors for the U.S.A. and Canada, Elsevier Science Pub. Co.,
1988
|
| Θέματα: | |
| Ετικέτες: |
Προσθήκη ετικέτας
Δεν υπάρχουν, Καταχωρήστε ετικέτα πρώτοι!
|
MARC
| LEADER | 00000nam a2200000 i 4500 | ||
|---|---|---|---|
| 001 | 1/33282 | ||
| 008 | 930826s1988 eng d | ||
| 020 | |a 0444705368 | ||
| 035 | |a 1990 |c ΔΑΡΖΕΝΤΑΣ |l 10039326 | ||
| 040 | |a GR-MY-UA |b gre |e aacr | ||
| 041 | 0 | |a eng | |
| 082 | 0 | |a 004.019 | |
| 245 | 1 | 0 | |a Handbook of human-computer interaction / |c edited by Martin Helander |
| 260 | |a Amsterdam ; New York : |a New York, N.Y., U.S.A. : |b North-Holland ; , |b Sole distributors for the U.S.A. and Canada, Elsevier Science Pub. Co., |c 1988 | ||
| 300 | |a xxxiii, 1167 p.; |b ill.; |c 27 cm. | ||
| 500 | |a Includes bibliographies and indexes | ||
| 650 | 0 | 0 | |a Human-computer interaction. |
| 700 | 1 | |a Helander, Martin |d 1943- |4 edt | |
| 852 | |a INST |b CHIOS |e 19930826 |h 004.019 HAN |p 005200000810 |q 005200000810 |t BK |y 0 | ||
| 852 | |a INST |b SAMOS |e 19941103 |h 004.019 HAN |p 005300005737 |q 005300005737 |t BK |y 0 | ||
| 909 | |a Σ |b 016007 | ||
| 909 | |a Χ |b 018186 | ||